Integrated rural development in Latin América.

Guardat en:
Dades bibliogràfiques
Autor principal: Lacroix, Richard I.J (autor)
Format: Llibre
Idioma:anglès
Col·lecció:(World Bank Staff Working Paper ; no. 716)
Matèries:
Etiquetes: Afegir etiqueta
Sense etiquetes, Sigues el primer a etiquetar aquest registre!

MARC

LEADER 00000cam^a2200000uu^4500
001 000457818
005 20250521000000.0
008 050901s1985^^^^^^^^^^^^rd^r^^000^0^eng^d
009 20260310124052.632
022 |a 0821804941 
035 |a FCE 000000261 
035 |a FCE 000262 
037 |a Acervo ITESO - Biblioteca 
041 |a eng 
082 0 4 |a 082.1  |b WBP 716 
100 |a Lacroix, Richard I.J  |e (autor) 
245 1 0 |a Integrated rural development in Latin América. 
264 |a Washington :  |b World Bank,  |c 1985. 
300 |a 81 p. 
336 |a texto  |b txt  |2 rdacontenido 
337 |a sin mediación  |b n  |2 rdamedio 
338 |a volumen  |b nc  |2 rdasoporte 
440 0 |a (World Bank Staff Working Paper ;  |v no. 716) 
649 |a XX 
650 |a Desarrollo rural 
650 |a América Latina 
910 |a Fondo Centro de Estudios Educativos 
920 |a Impresos - Libros 
930 |a Fondos Especiales 
905 |a 133 
901 |a ALE000262  |b IT2  |c CEE  |u 20250521 
901 |a ALE045713  |b IT2  |c CEE  |u 20250521 
902 |a https://opac.biblio.iteso.mx/vufind/Record/000457818